Annals of DAAAM and Proceedings of DAAAM Symposium : Collection of Working Papers for 25th DAAAM International Symposium

Gespeichert in:
Bibliographische Detailangaben
Körperschaft: DAAAM International Symposium Viedeň
Format: Tagungsbericht Zeitschrift
Sprache:Slowakisch
Englisch
Ausgabe:1. vyd.
Tags: Tag hinzufügen
Keine Tags, Fügen Sie das erste Tag hinzu!

MARC

LEADER 00000nas a22000003a 4500
001 0000305
003 SK-STU
005 20150622005556.3
007 ta
008 141209c ----xo--rzpe-|| -0---b0slo-d
020 |a 978-3-901509-99-5 
022 |a 2304-1382 
040 |a STU  |b slo 
041 0 |a eng 
111 2 |a DAAAM International Symposium  |n 25  |d 26-29. 11. 2014 :  |c Viedeň 
245 0 |a Annals of DAAAM and Proceedings of DAAAM Symposium :  |h [elektronický zdroj]  |b Collection of Working Papers for 25th DAAAM International Symposium 
250 |a 1. vyd. 
300 |a 1 CD-ROM 
773 0 8 |w stu_us_cat*stu260325  |t Annals of DAAAM and Proceedings of DAAAM Symposium [elektronický zdroj]  |x 2304-1382  |d Vienna : DAAAM International  |7 nnas 
996 |b 284M084446  |c M*CD-2504  |d Vol. 25, No 1, 2014  |v Vol. 25  |i No 1  |y 2014  |l MMKN  |s A  |a 24  |w 0000305_0001 
996 |b 284M084439  |c M*CD-2500  |d Vol. 25, No 1, 2014  |v Vol. 25  |i No 1  |y 2014  |l MMKN  |s A  |a 24  |w 0000305_0002 
996 |b 284M084438  |c M*CD-2501  |d Vol. 25, No 1, 2014  |v Vol. 25  |i No 1  |y 2014  |l MMKN  |s A  |a 24  |w 0000305_0003 
996 |b 284M084437  |c M*CD-2502  |d Vol. 25, No 1, 2014  |v Vol. 25  |i No 1  |y 2014  |l MMKN  |s A  |a 24  |w 0000305_0004 
996 |b 284M084440  |c M*CD-2499  |d Vol. 25, No 1, 2014  |v Vol. 25  |i No 1  |y 2014  |l MMKN  |s A  |a 24  |w 0000305_0005